| 000 | 00573nam a2200169 a 4500 | ||
|---|---|---|---|
| 005 | 20160825170255.0 | ||
| 008 | 140317b1993 fr |||||rm||| 00| 0 por d | ||
| 040 |
_aCO-BoIAVH _cCO-BoIAVH |
||
| 041 | _afre | ||
| 090 |
_aTE _b0044 |
||
| 100 | _aGaviria, Sergio | ||
| 245 |
_aEvolution mineralogique et geochimique du fer et de l'aluminium dans les sols ferrallitiques hydromorphes des Llanos Orientales de Colombie _bles etats precoces du cuirassement |
||
| 260 |
_as.l. _bUniversite de Nancy I _c1993 |
||
| 300 | _a216 p. | ||
| 942 |
_cTESIS _2z |
||
| 945 | _d2005-12-01 | ||
| 999 |
_c4908 _d4908 |
||